Piosenki z największą ilością wyświetleń - Statystyki

Ogólne statystyki
  • Ten quiz został rozwiązany 402 razy
  • Średni wynik to 12 z 25
Statystyki odpowiedzi
Lp. Data publikacji Wyświetlenia Artysta Nazwa Utworu % Poprawnych
1. 13 sty 2017 6,3 mld Luis Fonsi ft. Daddy Yankee Despacito
96%
2. 30 sty 2017 4,28 mld Ed Sheeran Shape of You
82%
3. 7 kwi 2015 4,16 mld Wiz Khalifa ft. Charlie Puth See You Again
73%
5. 15 lip 2012 3,38 mld PSY GANGNAM STYLE
71%
16. 23 paź 2015 2,54 mld Adele Hello
65%
9. 5 wrz 2013 2,85 mld Katy Perry Roar
63%
19. 4 gru 2015 2,43 mld Alan Walker Faded
62%
8. 14 sty 2015 2,99 mld Maroon 5 Sugar
61%
25. 5 cze 2010 2,26 mld Shakira Waka Waka (This Time for Africa)
60%
6 22 paź 2015 3,16 mld Justin Bieber Sorry
58%
4. 19 lis 2014 3,60 mld Mark Ronson ft. Bruno Mars Uptown Funk
51%
12. 31 maj 2013 2,78 mld OneRepublic Counting Stars
49%
10. 18 sie 2014 2,80 mld Taylor Swift Shake It Off
48%
14. 23 mar 2015 2,60 mld Major Lazer & DJ Snake ft. MØ Lean On
47%
17. 26 lip 2012 2,47 mld Passenger Let Her Go
43%
24. 31 maj 2018 2,29 mld Maroon 5 ft. Cardi B Girls Like You
42%
15. 20 lut 2014 2,60 mld Katy Perry ft. Juicy J Dark Horse
37%
13. 11 kwi 2014 2,74 mld Enrique Iglesias ft.Descemer Bueno,Gente De Zona Bailando
36%
22. 29 lip 2016 2,34 mld The Chainsmokers ft. Halsey Closer (Lyric video)
35%
11. 7 paź 2014 2,78 mld Ed Sheeran Thinking Out Loud
35%
18. 10 lis 2014 2,47 mld Taylor Swift Blank Space
31%
23. 11 cze 2014 2,30 mld Meghan Trainor All About That Bass
25%
21. 18 lis 2016 2,40 mld Shakira ft. Maluma Chantaje
22%
20. 30 cze 2017 2,41 mld J Balvin, Willy William Mi Gente
21%
7. 18 cze 2016 3,02 mld Pinkfong Kids' Songs & Stories Baby Shark Dance
5%
Nie znaleziono quizów pasujących do podanych kryteriów
Rozkład punktacji
Procent ludzi z każdym wynikiem
Percentyl według liczby udzielonych odpowiedzi
Twoja historia wyników
Nie rozwiązałeś tego quizu